| 000 | 00756nam a2200241 a 4500 | ||
|---|---|---|---|
| 001 | BRCA_7107 | ||
| 005 | 20190321142924.0 | ||
| 008 | 281211s1912----gw-#######---#000-0#ger-# | ||
| 041 | _ager | ||
| 044 | _agw | ||
| 050 | 4 | _b.G47 1912 | |
| 100 | 1 |
_aGerling, Reinhold _915877 |
|
| 245 | 1 | 0 |
_aDie Kunst der Konzentration _bein kursus in 12 unterrichtsbriefen für Geistesarbeiter, Studierende, Beamte, Kausleute, für Zerstreute, nervöse, Gedächtnisschwache |
| 250 | _a12 | ||
| 260 |
_aBerlín _bAnthropos-Prien (Obb.) _c[1912] |
||
| 300 |
_a264 p. _c20 cm. |
||
| 500 | _aCompuesto de doce cuadernillos | ||
| 500 | _aEstado fisíco: caja maltratada | ||
| 500 | _aO122 | ||
| 650 | 1 | 4 |
_aPsicología _vAtención _917670 |
| 902 | _aGFM | ||
| 942 |
_2lcc _cB |
||
| 999 |
_c6788 _d6788 |
||